The Fourteen Dalai Lamas : (Record no. 606711)

MARC details
000 -LEADER
fixed length control field 00482nam a2200193 a 4500
008 - FIXED-LENGTH DATA ELEMENTS--GENERAL INFORMATION
fixed length control field 251229s2008##################000#0#eng##
020 ## - INTERNATIONAL STANDARD BOOK NUMBER
ISBN 9788179929445
082 04 - DEWEY DECIMAL CLASSIFICATION NUMBER
Classification number 294.3092
Item number MUL
100 1# - MAIN ENTRY--AUTHOR NAME
Personal name Mullin, Glenn H.,
245 10 - TITLE STATEMENT
Title The Fourteen Dalai Lamas :
260 ## - PUBLICATION, DISTRIBUTION, ETC. (IMPRINT)
Year of publication 2008.
300 ## - PHYSICAL DESCRIPTION
Number of Pages 576 pages
650 #0 - SUBJECT ADDED ENTRY--TOPICAL TERM
Topical Term Dalai lamas.
942 ## - ADDED ENTRY ELEMENTS (KOHA)
Koha item type English Books

No items available.

Find us on the map